[Event "SUI-ch 120th"]
[Site "Flims"]
[Date "2021.07.14"]
[Round "7"]
[White "Klauser, Markus"]
[Black "Stijve, Theo"]
[Result "0-1"]
[WhiteElo "2400"]
[BlackElo "2263"]
[PlyCount "140"]
[EventDate "2021.07.08"]
[EventType "tourn"]
[EventRounds "9"]
[EventCountry "SUI"]
[EventCategory "5"]
[SourceTitle "CBM 203 Extra"]
[Source "ChessBase"]
[SourceDate "2021.09.30"]
[SourceVersion "1"]
[SourceVersionDate "2021.09.30"]
[SourceQuality "1"]

1. e4 c5 2. Nc3 d6 3. Nge2 Nf6 4. g3 g6 5. Bg2 Bg7 6. 0-0 Nc6 7. d3 0-0 8. Bg5 h6 9. Be3 Rb8 10. h3 b5 11. Qd2 Kh7 12. f4 b4 13. Nd5 Nxd5 14. exd5 Nd4 15. Nxd4 cxd4 16. Bf2 Qc7 17. g4 Rb5 18. Rae1 Bf6 19. Bg3 Bb7 20. Re2 Bxd5 21. Bxd5 Rxd5 22. Qxb4 Rb8 23. Qc4 Qxc4 24. dxc4 Ra5 25. h4 Rxb2 26. g5 d3 27. Re4 Bg7 28. cxd3 Raxa2 29. Rf2 e6 30. Rxb2 Rxb2 31. Bf2 a5 32. c5 dxc5 33. Bxc5 Rd2 34. Bb6 Bc3 35. Rc4 Rxd3 36. Rc7 hxg5 37. hxg5 Bd4+ 38. Bxd4 Rxd4 39. Rxf7+ Kg8 40. Rf6 Kg7 41. Rxe6 Rxf4 42. Re7+ Rf7 43. Re4 Rf5 44. Rg4 Kf7 45. Kg2 Ke6 46. Kh3 Rb5 47. Rg1 Kf5 48. Rf1+ Kxg5 49. Rg1+ Kf4 50. Rg4+ Kf5 51. Ra4 Ke6 52. Kg3 Rf5 53. Rd4 Rd5 54. Rc4 Kd6 55. Rc8 g5 56. Kf3 Rc5 57. Ra8 Kd5 58. Ke3 Kc4 59. Ke4 Kc3 60. Ra7 g4 61. Ke3 Rb5 62. Rc7+ Kb3 63. Rg7 Rb4 64. Kd3 a4 65. Rc7 a3 66. Rc3+ Kb2 67. Rc2+ Kb1 68. Rg2 a2 69. Rg1+ Kb2 70. Rg2+ Ka3 0-1

[Event "SUI-ch 120th"]
[Site "Flims"]
[Date "2021.07.12"]
[Round "5"]
[White "Klauser, Markus"]
[Black "Baenziger, Fabian"]
[Result "0-1"]
[WhiteElo "2400"]
[BlackElo "2392"]
[PlyCount "98"]
[EventDate "2021.07.08"]
[EventType "tourn"]
[EventRounds "9"]
[EventCountry "SUI"]
[EventCategory "5"]
[SourceTitle "CBM 203 Extra"]
[Source "ChessBase"]
[SourceDate "2021.09.30"]
[SourceVersion "1"]
[SourceVersionDate "2021.09.30"]
[SourceQuality "1"]

1. e4 c5 2. Nf3 d6 3. d4 cxd4 4. Qxd4 Nf6 5. Bb5+ Bd7 6. c4 g6 7. 0-0 Bg7 8. Nc3 0-0 9. Qd3 Bg4 10. h3 Bxf3 11. Qxf3 Nc6 12. Bxc6 bxc6 13. Bd2 a5 14. b3 Nd7 15. Rac1 Qc7 16. Qg3 Nc5 17. Qh4 a4 18. b4 Nd3 19. Rb1 Ne5 20. c5 dxc5 21. b5 Nc4 22. Bf4 Qa5 23. Ne2 e5 24. Bg5 f6 25. Qg4 cxb5 26. Qd7 Qa7 27. Qxb5 Na3 28. Qd3 Nxb1 29. Be3 Qf7 30. Rxb1 Rfd8 31. Qc2 f5 32. Nc3 Qc4 33. Bg5 Rd3 34. Rc1 fxe4 35. Qe2 Rd4 36. Qb2 Qf7 37. Be3 Re8 38. Qc2 Qc4 39. Qb2 Qf7 40. Qb5 Rb4 41. Qc6 Rc4 42. Qb6 Qe6 43. Qa5 Qc6 44. Rd1 Rd4 45. Rb1 Rb4 46. Rd1 Bf8 47. Nd5 Rd4 48. Bxd4 Qxd5 49. Qxa4 Rd8 0-1

[Event "SUI-ch 120th"]
[Site "Flims"]
[Date "2021.07.09"]
[Round "2"]
[White "Pelletier, Yannick"]
[Black "Klauser, Markus"]
[Result "1/2-1/2"]
[WhiteElo "2581"]
[BlackElo "2400"]
[PlyCount "65"]
[EventDate "2021.07.08"]
[EventType "tourn"]
[EventRounds "9"]
[EventCountry "SUI"]
[EventCategory "5"]
[SourceTitle "CBM 203 Extra"]
[Source "ChessBase"]
[SourceDate "2021.09.30"]
[SourceVersion "1"]
[SourceVersionDate "2021.09.30"]
[SourceQuality "1"]

1. Nf3 d6 2. d4 g6 3. c4 Bg7 4. e4 Bg4 5. Be2 Nc6 6. Be3 e5 7. d5 Bxf3 8. Bxf3 Nd4 9. Nd2 Ne7 10. 0-0 0-0 11. Rc1 c5 12. dxc6 bxc6 13. Bxd4 exd4 14. c5 dxc5 15. Nb3 Qb6 16. Qd3 a5 17. Rc2 Rfd8 18. Nxc5 a4 19. Qe2 Ra5 20. Nd3 c5 21. e5 Rc8 22. Rc4 Bh6 23. Qc2 Rc7 24. Re1 Nf5 25. g3 Ng7 26. Rxa4 Ne6 27. Bd5 c4 28. Bxc4 Ng5 29. e6 Nf3+ 30. Kf1 Nd2+ 31. Kg1 Nf3+ 32. Kf1 Nd2+ 33. Kg1 1/2-1/2

[Event "SUI-ch 120th"]
[Site "Flims"]
[Date "2021.07.08"]
[Round "1"]
[White "Klauser, Markus"]
[Black "Hakimifard, Ghazal"]
[Result "1-0"]
[WhiteElo "2400"]
[BlackElo "2270"]
[PlyCount "109"]
[EventDate "2021.07.08"]
[EventType "tourn"]
[EventRounds "9"]
[EventCountry "SUI"]
[EventCategory "5"]
[SourceTitle "CBM 203 Extra"]
[Source "ChessBase"]
[SourceDate "2021.09.30"]
[SourceVersion "1"]
[SourceVersionDate "2021.09.30"]
[SourceQuality "1"]

1. e4 c5 2. Nf3 e6 3. d4 cxd4 4. Nxd4 a6 5. Bd3 Nf6 6. 0-0 e5 7. Ne2 Bc5 8. Ng3 0-0 9. Nc3 d6 10. Bg5 h6 11. Bxf6 Qxf6 12. Nd5 Qd8 13. c3 Be6 14. b4 Ba7 15. Bc4 Nd7 16. Bb3 Rc8 17. Qf3 Qh4 18. Nf5 Bxf5 19. Qxf5 Nb6 20. Rad1 Nxd5 21. Rxd5 Rc6 22. Rd3 Qf4 23. Qd7 Qxe4 24. Rf3 Rcc8 25. Rxf7 Kh8 26. Qxb7 Qxb7 27. Rxb7 Bb8 28. Rc1 Rc7 29. Rxc7 Bxc7 30. Bd5 Bb6 31. Rc2 a5 32. Kf1 Rc8 33. a3 g5 34. f3 axb4 35. axb4 Bd4 36. c4 Rc7 37. Ra2 Ra7 38. Rxa7 Bxa7 39. Ke2 Kg7 40. Kd3 Kf6 41. Ke4 Bg1 42. h3 Bd4 43. g4 Bc3 44. b5 Bd4 45. Bb7 Ke7 46. Kf5 Kd7 47. Kg6 Ke7 48. Bd5 Be3 49. Kxh6 Kf6 50. Kh5 Bf2 51. Be4 Bb6 52. h4 gxh4 53. Kxh4 Bf2+ 54. Kh5 Be3 55. Bd5 1-0

[Event "SUI-ch 116th"]
[Site "Flims"]
[Date "2016.07.15"]
[Round "9"]
[White "Georgiadis, Nico"]
[Black "Klauser, Markus"]
[Result "1-0"]
[WhiteElo "2470"]
[BlackElo "2365"]
[PlyCount "151"]
[EventDate "2016.07.07"]
[EventType "tourn"]
[EventRounds "9"]
[EventCountry "SUI"]
[EventCategory "9"]
[SourceTitle "CBM 173 Extra"]
[Source "ChessBase"]
[SourceDate "2016.08.29"]
[SourceVersion "1"]
[SourceVersionDate "2016.08.29"]
[SourceQuality "1"]

1. d4 Nf6 2. c4 e6 3. g3 Bb4+ 4. Bd2 a5 5. Bg2 d5 6. Nf3 0-0 7. Qc2 Nbd7 8. 0-0 c6 9. Bf4 Be7 10. Rd1 Nh5 11. Bc1 f5 12. b3 Rb8 13. Ba3 Bxa3 14. Nxa3 Qe7 15. Qb2 b6 16. Ne5 Nxe5 17. dxe5 Ba6 18. Nc2 Bb7 19. e3 g6 20. f4 Ng7 21. Qa3 Qxa3 22. Nxa3 Rfd8 23. Rac1 Rbc8 24. Kf2 Kf7 25. h3 Ke7 26. Bf3 Ne8 27. c5 b5 28. Nc2 Nc7 29. Nd4 Ra8 30. a3 b4 31. Be2 Kd7 32. a4 Ba6 33. Bxa6 Nxa6 34. g4 Rg8 35. Nf3 h6 36. Rg1 Raf8 37. h4 Nc7 38. Ke2 Ne8 39. Rg2 Rg7 40. Rcg1 Rfg8 41. Nd4 h5 42. gxf5 gxf5 43. Rxg7+ Rxg7 44. Rg5 Rh7 45. Kd3 Nc7 46. Nf3 Ne8 47. Nd4 Nc7 48. Rg6 Re7 49. Nf3 Ne8 50. Ng5 Ng7 51. Rh6 Re8 52. Rg6 Re7 53. Kd4 Ke8 54. Rh6 Kd7 55. Rh7 Kc8 56. Kd3 Rd7 57. Rh6 Re7 58. Rh8+ Kb7 59. Rh7 Rc7 60. Rh6 Re7 61. Nh7 Kc7 62. Nf6 Kd8 63. Rh8+ Kc7 64. Ke2 Kb7 65. Kf2 Kc7 66. Kf3 Kb7 67. Rh7 Rc7 68. Nxh5 Nxh5 69. Rxh5 Rd7 70. Rh6 d4 71. Rxe6 dxe3 72. h5 Rd3 73. Rd6 Rxb3 74. e6 Rb1 75. e7 Rf1+ 76. Ke2 1-0

[Event "SUI-ch 116th"]
[Site "Flims"]
[Date "2016.07.12"]
[Round "6"]
[White "Kurmann, Oliver"]
[Black "Klauser, Markus"]
[Result "1-0"]
[WhiteElo "2447"]
[BlackElo "2365"]
[PlyCount "51"]
[EventDate "2016.07.07"]
[EventType "tourn"]
[EventRounds "9"]
[EventCountry "SUI"]
[EventCategory "9"]
[SourceTitle "CBM 173 Extra"]
[Source "ChessBase"]
[SourceDate "2016.08.29"]
[SourceVersion "1"]
[SourceVersionDate "2016.08.29"]
[SourceQuality "1"]

1. e4 e5 2. Nf3 Nc6 3. Bc4 Bc5 4. c3 Nf6 5. d3 a6 6. 0-0 Ba7 7. Nbd2 d6 8. Bb3 0-0 9. h3 Be6 10. Bc2 h6 11. Re1 Re8 12. Nf1 d5 13. exd5 Qxd5 14. Ng3 Rad8 15. Qe2 Qd7 16. Be3 Bxe3 17. fxe3 Nd5 18. d4 exd4 19. exd4 Qd6 20. Ne4 Qe7 21. Nc5 Qf6 22. Nxb7 Rb8 23. Nc5 Nf4 24. Qe4 Ne7 25. Qh7+ Kf8 26. Rxe6 1-0

[Event "SUI-ch 116th"]
[Site "Flims"]
[Date "2016.07.11"]
[Round "5"]
[White "Klauser, Markus"]
[Black "Kosteniuk, Alexandra"]
[Result "0-1"]
[WhiteElo "2365"]
[BlackElo "2549"]
[PlyCount "66"]
[EventDate "2016.07.07"]
[EventType "tourn"]
[EventRounds "9"]
[EventCountry "SUI"]
[EventCategory "9"]
[SourceTitle "CBM 173 Extra"]
[Source "ChessBase"]
[SourceDate "2016.08.29"]
[SourceVersion "1"]
[SourceVersionDate "2016.08.29"]
[SourceQuality "1"]

1. e4 c6 2. c4 d5 3. exd5 cxd5 4. cxd5 Nf6 5. Bb5+ Nbd7 6. Nc3 g6 7. Nf3 Bg7 8. d6 e6 9. d4 0-0 10. 0-0 Nb6 11. Bf4 a6 12. Bd3 Ne8 13. Qb3 Nxd6 14. Qb4 Ne8 15. Rac1 Nf6 16. Be5 Nfd5 17. Qb3 Bh6 18. Nxd5 Nxd5 19. Rcd1 b6 20. Nd2 Bb7 21. Ne4 f6 22. Bd6 Rf7 23. Ba3 Nf4 24. Nd6 Bxg2 25. Nxf7 Kxf7 26. Rfe1 f5 27. Bc4 Be4 28. Re3 b5 29. Bf1 Bd5 30. Qb4 Nh5 31. Qe1 Qh4 32. Bg2 Bxe3 33. Qxe3 Bxg2 0-1

[Event "SUI-ch 116th"]
[Site "Flims"]
[Date "2016.07.10"]
[Round "4"]
[White "Studer, Noel"]
[Black "Klauser, Markus"]
[Result "1/2-1/2"]
[WhiteElo "2462"]
[BlackElo "2365"]
[PlyCount "112"]
[EventDate "2016.07.07"]
[EventType "tourn"]
[EventRounds "9"]
[EventCountry "SUI"]
[EventCategory "9"]
[SourceTitle "CBM 173 Extra"]
[Source "ChessBase"]
[SourceDate "2016.08.29"]
[SourceVersion "1"]
[SourceVersionDate "2016.08.29"]
[SourceQuality "1"]

1. d4 Nf6 2. c4 e6 3. g3 c5 4. d5 exd5 5. cxd5 d6 6. Nc3 g6 7. Bg2 Bg7 8. Nf3 0-0 9. 0-0 Nbd7 10. Bf4 Qe7 11. a4 Ng4 12. Bg5 f6 13. Bd2 Nde5 14. h3 Nxf3+ 15. exf3 Ne5 16. Re1 Qd8 17. Bf1 f5 18. f4 Nd7 19. Qb3 Nf6 20. Bb5 a6 21. Bc4 b6 22. f3 Rb8 23. Qc2 Ne8 24. Rab1 Nc7 25. b4 Qf6 26. Ne2 Bb7 27. bxc5 bxc5 28. Qb3 Qf7 29. Nc3 Rfc8 30. Kg2 h5 31. Qb6 Qf6 32. Ne2 Qd8 33. Qa7 Bxd5 34. Bxd5+ Nxd5 35. Qxa6 Nb4 36. Bxb4 cxb4 37. Qd3 Qb6 38. g4 hxg4 39. hxg4 fxg4 40. fxg4 Qc6+ 41. Kg3 Re8 42. Qb3+ Kf8 43. Rbc1 Qb6 44. Ng1 Bc3 45. Rxe8+ Rxe8 46. Rf1 Re3+ 47. Kg2 Qd4 48. Qb1 Qd5+ 49. Nf3 Kg7 50. a5 Qxa5 51. Qd1 Qa6 52. Qd5 Qd3 53. Qb7+ Kf8 54. Rf2 Re7 55. Qa8+ Kg7 56. Qd8 Re2 1/2-1/2

[Event "SUI-ch op"]
[Site "Leukerbad"]
[Date "2015.07.15"]
[Round "7"]
[White "Haussernot, Cecile"]
[Black "Klauser, Markus"]
[Result "0-1"]
[WhiteElo "2004"]
[BlackElo "2389"]
[PlyCount "73"]
[EventDate "2015.07.09"]
[EventType "swiss"]
[EventRounds "9"]
[EventCountry "SUI"]
[SourceTitle "EXT 2019"]
[Source "ChessBase"]
[SourceDate "2018.10.10"]
[SourceVersion "1"]
[SourceVersionDate "2018.10.10"]
[SourceQuality "1"]

1. e4 e5 2. Nf3 Nc6 3. d4 exd4 4. Nxd4 Bc5 5. Nb3 Bb4+ 6. c3 Be7 7. f4 Nf6 8. Bd3 a5 9. a4 d5 10. e5 Ne4 11. 0-0 Nc5 12. Nxc5 Bxc5+ 13. Kh1 d4 14. e6 Bxe6 15. f5 Bc8 16. f6 g6 17. Nd2 dxc3 18. Qe2+ Be6 19. bxc3 Qd5 20. Be4 Qd7 21. Nb3 Bd6 22. Rb1 0-0 23. Qe3 Rfd8 24. Nd2 Ne5 25. h3 Qxa4 26. Bxb7 Rab8 27. Ne4 Nc4 28. Qg5 Bf8 29. Bf4 Rxb7 30. Rxb7 Qc6 31. Rbb1 Qxe4 32. Rfe1 Qf5 33. Qxf5 Bxf5 34. Bxc7 Rc8 35. Rb7 Be6 36. Rd1 h5 37. Ra1 0-1

[Event "SUI-ch op"]
[Site "Leukerbad"]
[Date "2015.07.10"]
[Round "2"]
[White "Klauser, Markus"]
[Black "Kosteniuk, Alexandra"]
[Result "1/2-1/2"]
[WhiteElo "2389"]
[BlackElo "2520"]
[PlyCount "164"]
[EventDate "2015.07.09"]
[EventType "swiss"]
[EventRounds "9"]
[EventCountry "SUI"]
[SourceTitle "EXT 2019"]
[Source "ChessBase"]
[SourceDate "2018.10.10"]
[SourceVersion "1"]
[SourceVersionDate "2018.10.10"]
[SourceQuality "1"]

1. e4 c5 2. Nf3 Nc6 3. Bb5 Nf6 4. Bxc6 dxc6 5. d3 Bg4 6. h3 Bh5 7. Nbd2 Nd7 8. Nf1 e5 9. Ng3 Bg6 10. 0-0 Be7 11. Nh2 h5 12. f4 exf4 13. Bxf4 Qb6 14. Qd2 0-0-0 15. Nf3 h4 16. Ne2 c4+ 17. Be3 Qa6 18. Nf4 Bh7 19. Qc3 g5 20. Ne2 Rhg8 21. Nh2 Rgf8 22. Rad1 cxd3 23. cxd3 Bxe4 24. dxe4 Qxe2 25. Ng4 f5 26. Rde1 Qb5 27. a4 Qxa4 28. exf5 Qb5 29. Qc2 Rde8 30. Rd1 Nf6 31. Bd4 Nxg4 32. hxg4 Bd6 33. f6 Bf4 34. Rfe1 Rxe1+ 35. Rxe1 Qd5 36. Bc3 Bc7 37. Qf5+ Qxf5 38. gxf5 g4 39. Re7 h3 40. gxh3 gxh3 41. f7 Bd6 42. f6 Kd8 43. Rxb7 Bc7 44. Ba5 Bxa5 45. Rb8+ Kd7 46. Rxf8 Ke6 47. Rc8 Kxf7 48. Rxc6 Bd8 49. Kh2 Bxf6 50. b3 Bd4 51. Kxh3 Ke7 52. Kg4 Kd7 53. Rg6 Kc7 54. Kf5 Kb7 55. Ke4 Bf2 56. Kd5 a6 57. Kc4 Be3 58. Re6 Bf2 59. Kb4 Bh4 60. Ka4 Bg5 61. Kb4 Bh4 62. Kc5 Bf2+ 63. Kd5 Bg3 64. Re4 Kb6 65. Rb4+ Kc7 66. Rg4 Bf2 67. Rg6 Kb7 68. b4 Be3 69. Kc4 Bf2 70. Kb3 Bh4 71. Ka4 Bd8 72. Re6 Bc7 73. b5 axb5+ 74. Kxb5 Bg3 75. Re7+ Ka8 76. Kc6 Bh2 77. Re8+ Bb8 78. Re2 Ba7 79. Kc7 Bb8+ 80. Kc8 Ba7 81. Rb2 Bd4 82. Ra2+ Ba7 1/2-1/2

[Event "SUI-ch 114th"]
[Site "Bern"]
[Date "2014.10.01"]
[Round "6"]
[White "Huss, Andreas"]
[Black "Klauser, Markus"]
[Result "1/2-1/2"]
[WhiteElo "2382"]
[BlackElo "2384"]
[PlyCount "88"]
[EventDate "2014.09.27"]
[EventType "tourn"]
[EventRounds "9"]
[EventCountry "SUI"]
[EventCategory "9"]
[SourceTitle "CBM 162 Extra"]
[Source "ChessBase"]
[SourceDate "2014.10.17"]
[SourceVersion "1"]
[SourceVersionDate "2014.10.17"]
[SourceQuality "1"]

1. d4 Nf6 2. c4 e6 3. Nf3 b6 4. Nc3 Bb4 5. Qc2 Bb7 6. a3 Bxc3+ 7. Qxc3 Ne4 8. Qc2 f5 9. g3 0-0 10. Bg2 Qf6 11. 0-0 a5 12. b3 d6 13. Ng5 Qg6 14. Nxe4 Bxe4 15. Bxe4 fxe4 16. f3 Nd7 17. Qxe4 Qxe4 18. fxe4 Rxf1+ 19. Kxf1 Nf6 20. e5 dxe5 21. dxe5 Ne4 22. Be3 Rd8 23. Ke1 h5 24. b4 a4 25. b5 Kf7 26. Rc1 Nc5 27. h3 Kg6 28. g4 hxg4 29. hxg4 Rh8 30. Kf2 Rh3 31. Bxc5 bxc5 32. e3 Rh2+ 33. Kf3 Ra2 34. Rc3 Rd2 35. Kf4 Rd1 36. Ke4 Kg5 37. Rc2 g6 38. Rf2 Rc1 39. Rf7 Rxc4+ 40. Kd3 Rc1 41. Rxc7 Ra1 42. Kc4 Rc1+ 43. Kd3 Ra1 44. Kc4 Rc1+ 1/2-1/2

[Event "SUI-chT"]
[Site "Switzerland"]
[Date "2014.09.06"]
[Round "6.1"]
[White "Riff, Jean Noel"]
[Black "Klauser, Markus"]
[Result "1-0"]
[WhiteElo "2450"]
[BlackElo "2399"]
[PlyCount "79"]
[EventDate "2014.03.16"]
[EventType "team-tourn"]
[EventRounds "9"]
[EventCountry "SUI"]
[SourceTitle "EXT 2015"]
[Source "ChessBase"]
[SourceDate "2014.11.20"]
[SourceVersion "1"]
[SourceVersionDate "2014.11.20"]
[SourceQuality "1"]
[WhiteTeam "Geneve"]
[BlackTeam "Bern Schwarz Weiss"]
[WhiteTeamCountry "SUI"]
[BlackTeamCountry "SUI"]

1. e4 e5 2. Nf3 Nc6 3. Bb5 Nge7 4. c3 a6 5. Ba4 g6 6. d4 exd4 7. cxd4 Bg7 8. d5 Na5 9. Bd2 c5 10. Bc3 Bxc3+ 11. Nxc3 b5 12. d6 Nec6 13. Bc2 0-0 14. 0-0 Qf6 15. Re1 Nc4 16. e5 N6xe5 17. Nxe5 Nxe5 18. Nd5 Qg7 19. Ne7+ Kh8 20. Qd5 Nc6 21. Nxc6 dxc6 22. Qxc5 Be6 23. b4 Rfd8 24. Bb3 Bc4 25. Rad1 Qf6 26. Qxc6 Kg7 27. h3 Qc3 28. d7 Qxb4 29. Re8 Bxb3 30. Qxa8 Rxa8 31. Rxa8 Bxd1 32. d8Q Be2 33. Qh8+ Kh6 34. Qf6 Bc4 35. Qh4+ Kg7 36. Qd4+ Kh6 37. Rxa6 Qe1+ 38. Kh2 Qe2 39. a3 b4 40. Ra4 1-0

[Event "SUI-chT"]
[Site "Switzerland"]
[Date "2014.06.15"]
[Round "4.2"]
[White "Stojanovic, Mihajlo"]
[Black "Klauser, Markus"]
[Result "1/2-1/2"]
[WhiteElo "2559"]
[BlackElo "2399"]
[PlyCount "64"]
[EventDate "2014.03.16"]
[EventType "team-tourn"]
[EventRounds "9"]
[EventCountry "SUI"]
[SourceTitle "EXT 2015"]
[Source "ChessBase"]
[SourceDate "2014.11.20"]
[SourceVersion "1"]
[SourceVersionDate "2014.11.20"]
[SourceQuality "1"]
[WhiteTeam "Reti"]
[BlackTeam "Bern Schwarz Weiss"]
[WhiteTeamCountry "SUI"]
[BlackTeamCountry "SUI"]

1. Nf3 Nf6 2. c4 e6 3. Nc3 Bb4 4. Qc2 c5 5. a3 Ba5 6. e3 0-0 7. Be2 Nc6 8. 0-0 d6 9. d4 a6 10. dxc5 dxc5 11. b3 Bc7 12. Bb2 h6 13. Rad1 Qe7 14. Nd2 b6 15. f4 Bb7 16. Bf3 Rad8 17. Nde4 Nxe4 18. Nxe4 Rxd1 19. Rxd1 Rd8 20. Rxd8+ Nxd8 21. Qd1 f5 22. Ng3 Qd6 23. Nh5 g6 24. Nf6+ Kf7 25. Qxd6 Bxd6 26. Nd7 Bxf3 27. gxf3 b5 28. cxb5 axb5 29. a4 c4 30. axb5 cxb3 31. Kf2 Nb7 32. Ke2 Ke7 1/2-1/2

[Event "SUI-chT"]
[Site "Switzerland"]
[Date "2013.10.12"]
[Round "8.1"]
[White "Kurmann, Oliver"]
[Black "Klauser, Markus"]
[Result "1-0"]
[WhiteElo "2424"]
[BlackElo "2360"]
[PlyCount "63"]
[EventDate "2013.03.17"]
[EventType "team-tourn"]
[EventRounds "9"]
[EventCountry "SUI"]
[SourceTitle "EXT 2014"]
[Source "ChessBase"]
[SourceDate "2013.11.20"]
[SourceVersion "1"]
[SourceVersionDate "2013.11.20"]
[SourceQuality "1"]
[WhiteTeam "Luzern"]
[BlackTeam "Bern Schwarz Weiss"]
[WhiteTeamCountry "SUI"]
[BlackTeamCountry "SUI"]

1. e4 e5 2. Nf3 Nc6 3. Bc4 Bc5 4. b4 Bxb4 5. c3 Be7 6. d4 Na5 7. Be2 exd4 8. Qxd4 d5 9. Qxg7 Bf6 10. Qg3 dxe4 11. Nd4 Ne7 12. Nb5 Nd5 13. c4 a6 14. cxd5 axb5 15. Nc3 Nc4 16. Nxb5 Nd6 17. Rb1 Rxa2 18. Bf4 h5 19. Nxd6+ cxd6 20. Bxd6 Qa5+ 21. Bb4 Qxd5 22. Qe3 Bg5 23. f4 Be7 24. Bxe7 Kxe7 25. Rb5 Qc6 26. 0-0 Be6 27. Rfb1 Rd8 28. f5 Bd5 29. Rxb7+ Rd7 30. Qg5+ f6 31. Qg7+ Bf7 32. Bxh5 1-0

[Event "SUI-chT"]
[Site "Switzerland"]
[Date "2013.04.28"]
[Round "2.1"]
[White "Bogner, Sebastian"]
[Black "Klauser, Markus"]
[Result "0-1"]
[WhiteElo "2562"]
[BlackElo "2360"]
[PlyCount "72"]
[EventDate "2013.03.17"]
[EventType "team-tourn"]
[EventRounds "9"]
[EventCountry "SUI"]
[SourceTitle "EXT 2014"]
[Source "ChessBase"]
[SourceDate "2013.11.20"]
[SourceVersion "1"]
[SourceVersionDate "2013.11.20"]
[SourceQuality "1"]
[WhiteTeam "Reti"]
[BlackTeam "Bern Schwarz Weiss"]
[WhiteTeamCountry "SUI"]
[BlackTeamCountry "SUI"]

1. d4 Nf6 2. c4 e6 3. Nc3 Bb4 4. Nf3 c5 5. e3 Nc6 6. Bd3 Bxc3+ 7. bxc3 d6 8. Nd2 e5 9. Ne4 0-0 10. 0-0 Bf5 11. Nxc5 e4 12. Nxb7 Qd7 13. Nxd6 Qxd6 14. Be2 Rab8 15. c5 Qc7 16. Bd2 Rfd8 17. c4 h6 18. Re1 Qe7 19. Qa4 Rbc8 20. Bc3 Bg4 21. Bf1 Nh7 22. h3 Bd7 23. Qc2 Ng5 24. Kh1 Re8 25. Red1 Qf6 26. Rac1 Bf5 27. Qe2 Qg6 28. g4 Nf3 29. Bg2 Bxg4 30. hxg4 Qxg4 31. Qf1 Qh5+ 32. Bh3 Re6 33. Qg2 Rg6 34. Rb1 Rxg2 35. Kxg2 f5 36. Rh1 Ng5 0-1

[Event "SUI-ch 112th"]
[Site "Flims"]
[Date "2012.07.20"]
[Round "9.4"]
[White "Klauser, Markus"]
[Black "Gerber, Richard"]
[Result "1/2-1/2"]
[WhiteElo "2370"]
[BlackElo "2407"]
[PlyCount "32"]
[EventDate "2012.07.12"]
[EventType "tourn"]
[EventRounds "9"]
[EventCountry "SUI"]
[EventCategory "9"]
[SourceTitle "CBM 149 Extra"]
[Source "ChessBase"]
[SourceDate "2012.08.24"]
[SourceVersion "1"]
[SourceVersionDate "2012.08.24"]
[SourceQuality "1"]

1. d4 Nf6 2. Nf3 e6 3. c4 d5 4. Nc3 Be7 5. Bg5 h6 6. Bh4 Ne4 7. Bxe7 Qxe7 8. cxd5 Nxc3 9. bxc3 exd5 10. e3 Bf5 11. Be2 Nd7 12. 0-0 0-0 13. c4 dxc4 14. Bxc4 Nb6 15. Bd3 Bxd3 16. Qxd3 c5 1/2-1/2

[Event "SUI-ch 112th"]
[Site "Flims"]
[Date "2012.07.18"]
[Round "7.5"]
[White "Klauser, Markus"]
[Black "Domont, Alexandre"]
[Result "1-0"]
[WhiteElo "2370"]
[BlackElo "2364"]
[PlyCount "60"]
[EventDate "2012.07.12"]
[EventType "tourn"]
[EventRounds "9"]
[EventCountry "SUI"]
[EventCategory "9"]
[SourceTitle "CBM 149 Extra"]
[Source "ChessBase"]
[SourceDate "2012.08.24"]
[SourceVersion "1"]
[SourceVersionDate "2012.08.24"]
[SourceQuality "1"]

1. e4 c6 2. d4 d5 3. e5 c5 4. Ne2 Nc6 5. c3 cxd4 6. cxd4 f6 7. Nf4 g6 8. Nc3 fxe5 9. dxe5 e6 10. Bb5 Bg7 11. h4 Nge7 12. h5 Qc7 13. 0-0 Bxe5 14. Qg4 Bd7 15. Nd3 Bd6 16. Bg5 0-0-0 17. Rac1 gxh5 18. Qxh5 a6 19. b4 Rhg8 20. Bxc6 bxc6 21. Nc5 Rg6 22. Nxa6 Qb7 23. Nc5 Bxc5 24. bxc5 Rdg8 25. f4 h6 26. Rb1 Qc7 27. Bxe7 Rxg2+ 28. Kh1 Be8 29. Qxe8+ Rxe8 30. Bd6 Rg4 1-0

[Event "SUI-ch 112th"]
[Site "Flims"]
[Date "2012.07.17"]
[Round "6.1"]
[White "Zueger, Beat"]
[Black "Klauser, Markus"]
[Result "1/2-1/2"]
[WhiteElo "2412"]
[BlackElo "2370"]
[PlyCount "47"]
[EventDate "2012.07.12"]
[EventType "tourn"]
[EventRounds "9"]
[EventCountry "SUI"]
[EventCategory "9"]
[SourceTitle "CBM 149 Extra"]
[Source "ChessBase"]
[SourceDate "2012.08.24"]
[SourceVersion "1"]
[SourceVersionDate "2012.08.24"]
[SourceQuality "1"]

1. c4 e5 2. Nc3 Nf6 3. Nf3 Nc6 4. g3 Bb4 5. Nd5 e4 6. Nh4 0-0 7. Bg2 Re8 8. 0-0 Bc5 9. d3 exd3 10. Qxd3 Ne5 11. Qc2 c6 12. Be3 cxd5 13. Bxc5 d6 14. Bd4 dxc4 15. Rfd1 Qe7 16. Bc3 Neg4 17. e3 Ne5 18. Rd4 Be6 19. Nf5 Bxf5 20. Qxf5 Rac8 21. Rad1 Nd3 22. R1xd3 cxd3 23. Qxd3 d5 24. Bh3 1/2-1/2